| 000 | 01810nam0a2200373 i 4500 | ||
|---|---|---|---|
| 001 | RU\NLR\BIBL_A\011469819 | ||
| 005 | 20240921160633.0 | ||
| 010 |
_a9785904958244 _9500 |
||
| 021 |
_aRU _b2017-60064 _94252 |
||
| 035 | _a(RuMoRGB)008994853 | ||
| 035 | _a(NLR Aleph) 011469819 | ||
| 090 |
_a11848829 _c11848829 |
||
| 100 | _a20170912d2016 km y0rusy50 ca | ||
| 101 | 0 | _arus | |
| 102 | _aRU | ||
| 105 | _aa|||z|||000yy | ||
| 200 | 1 |
_aДинамика аграрных отношений и перспективы развития сельских территорий Пермского края _eмонография _fЗахарченко Татьяна Николаевна, Мичурина Фрида Захаровна, Роженцова Елена Владимировна _gпод редакцией доктора географических наук, профессора Ф.З. Мичуриной |
|
| 210 |
_aПермь _cПермский ЦНТИ _d2016 |
||
| 215 |
_a250 с. _cил., табл. _d21 |
||
| 320 | _aБиблиогр. в конце разд. | ||
| 606 | 1 |
_aАграрные отношения _yРоссийская Федерация _92381789 _3RU\NLR\AUTH\661421013 |
|
| 606 | 1 |
_aСельские поселения _xРазвитие _yПермский край _92342184 _3RU\NLR\AUTH\6601623373 |
|
| 686 |
_aУ9(2Р-4Пе)320,0 _2rubbk |
||
| 686 | 1 | _aУ32(28)-11 | |
| 686 | 1 | _aУ32(2)-11 | |
| 686 | 1 | _aУ04(2Р-4Пе)25 | |
| 686 | 1 | _aТ3(2Р-4Пе)0-21 | |
| 700 | 1 |
_aЗахарченко _bТ. Н. _gТатьяна Николаевна |
|
| 701 | 1 |
_aМичурина _bФ. З. _gФрида Захаровна |
|
| 701 | 1 |
_aРоженцова _bЕ. В. _gЕлена Владимировна |
|
| 942 | _cBOOK | ||
| 980 | _aNBR | ||